Top 150 Greatest College Football Players - Statistics

General Stats
  • This quiz has been taken 192 times
  • The average score is 33 of 150
Answer Stats
Rank Team Position Player % Correct
9. Oklahoma State RB Barry Sanders
72%
3. Auburn RB Bo Jackson
67%
26. Florida State DB Deion Sanders
67%
1. Syracuse RB Jim Brown
62%
76. Florida QB Tim Tebow
61%
70. Florida RB Emmitt Smith
59%
107. Oklahoma TE Keith Jackson
59%
113. Arkansas DE Billy Ray Smith Jr.
58%
55. Virginia Tech DE Bruce Smith
58%
31. Michigan State DE Bubba Smith
58%
21. Tennessee QB Peyton Manning
56%
53. Notre Dame WR/KR Tim Brown
56%
2. Georgia RB Herschel Walker
55%
81. Texas QB Vince Young
55%
50. Mississippi QB Archie Manning
54%
87. BYU QB Steve Young
54%
57. Texas RB Ricky Williams
52%
23. SMU RB Doak Walker
50%
61. USC RB Reggie Bush
50%
106. Grambling State QB Doug Williams
49%
124. Georgia Tech WR Calvin Johnson
48%
135. Florida/Auburn QB Cam Newton
46%
148. Mississippi Valley State DE Deacon Jones
44%
150. Texas Tech/Oklahoma QB Baker Mayfield
43%
32. Mississippi Valley State WR Jerry Rice
42%
93. Purdue QB Drew Brees
41%
64. Stanford QB Andrew Luck
40%
42. North Carolina LB Lawrence Taylor
40%
19. Tennessee DE Reggie White
39%
4. Ohio State RB Archie Griffin
38%
66. Marshall WR Randy Moss
38%
35. Maryland DT Randy White
38%
11. Navy QB Roger Staubach
38%
116. Colorado RB Byron White
37%
96. USC RB Charles White
37%
41. Michigan DB Charles Woodson
37%
45. Oklahoma RB Adrian Peterson
36%
84. Georgia Southern RB Adrian Peterson
36%
33. Stanford QB John Elway
36%
7. Texas RB Earl Campbell
35%
25. USC RB O.J. Simpson
35%
16. Jackson State RB Walter Payton
35%
100. Purdue DB Rod Woodson
34%
40. USC RB Marcus Allen
32%
74. TCU RB LaDainian Tomlinson
30%
123. Virginia Tech QB Michael Vick
30%
8. Illinois LB Dick Butkus
29%
49. SMU RB Eric Dickerson
29%
39. Nebraska WR/KR Johnny Rodgers
29%
67. Pittsbugh QB Dan Marino
28%
12. Pittsburgh DE Hugh Green
28%
62. North Texas DT Joe Greene
28%
117. Oregon QB Marcus Mariota
28%
71. Alabama LB Derrick Thomas
27%
101. Clemson QB Deshaun Watson
27%
118. Stanford RB Christian McCaffrey
26%
46. Pittsburgh WR Larry Fitzgerald
26%
17. Pittsburgh RB Tony Dorsett
26%
28. Boston College QB Doug Flutie
25%
110. Alcorn State QB Steve McNair
25%
38. Ohio State RB Eddie George
23%
10. Kansas RB Gale Sayers
23%
36. San Diego State RB Marshall Faulk
23%
130. Florida State QB Charlie Ward
22%
129 Michigan WR Desmond Howard
22%
63. Nebraska DL Ndamukong Suh
22%
15. Syracuse RB Ernie Davis
21%
18. Army RB Glenn Davis
21%
5. Carlisle B Jim Thorpe
19%
122. Miami DL Warren Sapp
19%
20. Oklahoma RB Billy Sims
18%
138. Miami DB Ed Reed
18%
6. Illinois RB Red Grange
17%
89. UCLA LB Jerry Robinson
16%
136. Michigan WR Anthony Carter
15%
104. North Carolina DE Julius Peppers
15%
51. Ohio State T Orlando Pace
15%
82. Wisconsin RB Ron Dayne
15%
29. TCU QB Sammy Baugh
15%
91. Florida QB Steve Spurrier
15%
97. Nebraska QB Tommie Frazier
15%
43. Stanford QB Jim Plunkett
13%
58. USC DB Ronnie Lott
13%
99. USC OT Anthony Munoz
12%
149. Georgia DB Champ Bailey
11%
115. Florida State LB Derrick Brooks
11%
86. Northwestern QB Otto Graham
11%
102. Penn State LB LaVar Arrington
10%
27. Notre Dame QB Paul Hornung
10%
147. Purdue QB Bob Griese
9%
14. Minnesota T Bronko Nagurski
9%
24. TCU QB Davey O'Brien
9%
105. USC LB Junior Seau
9%
34. Oklahoma DL Lee Roy Selmon
9%
78. Pittsburgh TE Mike Ditka
9%
111. USC RB Mike Garrett
9%
95. Oklahoma RB Steve Owens
9%
134. Florida State RB Warrick Dunn
9%
108. Baylor LB Mike Singletary
8%
22. LSU RB Billy Cannon
7%
75. Texas QB Bobby Layne
7%
30. Pennsylvania C Chuck Bednarik
7%
72. Alabama LB Cornelius Bennett
7%
83. Florida State WR Fred Biletnikoff
7%
69. Penn State LB Jack Ham
7%
44. Ohio State DB Jack Tatum
7%
121. UCLA OT Jonathan Ogden
7%
48. Nebraska C Dave Rimington
5%
52. Syracuse RB Floyd Little
5%
79. Alabama G John Hannah
5%
37. Notre Dame QB John Lujack
5%
88. Notre Dame E Leon Hart
5%
80. Utah State DL Merlin Olsen
5%
68. Nebraska RB Mike Rozier
5%
137. Iowa RB Nile Kinnick
5%
144. USC T Tony Boselli
5%
59. Notre Dame DE Alan Page
4%
13. Army RB Doc Blanchard
4%
119. Alabama E Don Hutson
4%
47. Ohio State RB Howard Cassady
4%
140. Chicago RB Jay Berwanger
4%
98. Penn State RB John Cappelletti
4%
109. Texas A&M RB John David Crow
4%
131. Alabama WR Ozzie Newsome
4%
120. Notre Dame WR Raghib Ismail
4%
77. Wisconsin RB Alan Ameche
3%
132. Notre Dame QB Angelo Bertelli
3%
60. Stanford RB Ernie Nevers
3%
146. UCLA QB Gary Beban
3%
141. Ohio State OL Jim Parker
3%
73. Alabama LB Lee Roy Jordan
3%
56. Army RB Pete Dawkins
3%
103. Columbia QB Sid Luckman
3%
85. Miami DL Ted Hendricks
3%
92. Pittsbugh T Bill Fralic
2%
143. Ohio State LB Chris Spielman
2%
90. Notre Dame B George Gipp
2%
128. Oklahoma RB Greg Pruitt
2%
114. UCLA DB Kenny Easley
2%
65. Michigan RB Tom Harmon
2%
54. Texas LB Tommy Nobis
2%
94. Iowa DL Alex Karras
1%
133. North Carolina RB Charlie Justice
1%
126. Cornell RB Ed Marinaro
1%
127. Purdue RB Leroy Keyes
1%
145. Penn State DL Mike Reid
1%
112. Nebraska DL Rich Glover
1%
142. Oklahoma RB Tommy McDonald
1%
139. Alabama LB Woodrow Lowe
1%
125. Notre Dame RB John Lattner
0%
No matching quizzes found
Score Distribution
Percent of People with Each Score
Percentile by Number Answered
Your Score History
You have not taken this quiz